01012cam a2200265 450000100060000000300080000600500170001400800410003102000150007203500190008704000320010604100080013808200240014610000400017024501270021026000300033730000360036735000090040350400190041265100670043165100750049894200120057399900170058595201440060228082BD-RjUL20211209051233.0140329s1970 enkb 001 0 eng d a0416149308 a(BD-RjUL)28163 aDLCcDLCdDLCdBD-RjULbeng aeng00a325.31096bPEC 19701 aPerham, Margery,d1895-1982.91069510aColonial sequence, 1949 to 1969 :ba chronological commentary upon British colonial policy in Africa /cby Margery Perham. aLondon :bMethuen,c1970. axxxvi, 377 p. :bill. ;c23 cm. a75/- aIncludes Index 0aGreat BritainxColonieszAfricaxHistoryy20th century.986093 0aGreat BritainxColoniesxAdministrationxHistoryy20th century.986094 2ddccBK c28082d28082 00102ddc40728NFICaRUCLbRUCLcReadingd1972-07-11eBook centreg82.50l0o325.31096 PEC 1970r2014-03-29 00:00:00tC-1w2014-03-29yBK